Регионална библиотека "Любен Каравелов" - Русе

Английско-български речник по счетоводство (Запис номер 41320)

MARC детайли
000 -Лидер
Контролно поле с фиксирана дължина 01869nam a2200421 c 4500
003 - Код на организацията, давaща контролен номер
Контролно поле BLK
005 - Дата и час на последна редакция
Контролно поле 20200702145812.0
008 - Елементи от данни с фиксирана дължина
fixed length control field 180408b bul|||||r ||||||| ||bul||
010 ## - Наследен системен номер
LC control number KNG00044880000
020 ## - Международен стандартен номер на книга ISBN
Международен стандартен номер на книга ISBN 978-954-398-101-4
-- издат.: Труд
020 ## - Международен стандартен номер на книга ISBN
Международен стандартен номер на книга ISBN 954-528-398-101-4
-- издат.: Труд - (грешен)
040 ## - Източник на каталожния запис
Идентификатор на билиотеката - собственик на записа BLK
041 ## - Код за език
Код за езика на текст/звукозапис или на отделно заглавие Английски
Код за езика КДБФ Английски
Други езици Български
072 #7 - Код за тематичната категория
Код организация bullib
Код за тематична категория Н6202
Текст Счетоводство Н
080 ## - УДК
Текстов определител УДК Счетоводство. Счетоводни системи и операции, водене на сметките, журнал-ордер и др.
УДК код - определител по УДК 657
УДК определител (038.1)=20=867
УДК - код + определител 657(038.1)=20=867
080 ## - УДК
Текстов определител УДК Различни категории думи
УДК код - определител по УДК 81`373.4
УДК определител =20=867:657
УДК - код + определител 81`373.4=20=867:657
139 ## - Редно поле
Редна дума Английско-български речник по счетоводство
Авторски знак Ан - А 64
245 10 - Сведения за заглавието
Заглавие Английско-български речник по счетоводство
Редно поле (дума) прев. Лилия Георгиева.
257 ## - Страна на издаване
Страна на създаване/издаване България
260 ## - Област на издателските данни
-- София
Име на издателя, разпространителя и проч. Труд
Година на издаване 2011
Печатница София : Монт
300 ## - Физическа характеристика
Страници 336 с.
Размери/Мащаб 21 см
380 ## - Жанр
Жанр Техника
490 1# - СЕРИИ (Колекции)
Име на серия Справочници 21 век
500 ## - Общи забележки
Забележка Без сведение за ориг. загл.
650 #4 - Допълнително описание по предмет – тема
Основно описание – тема или топоним Счетоводство - терминология - речници
9 (RLIN) 269960
650 #4 - Допълнително описание по предмет – тема
Основно описание – тема или топоним Английски език - речници, английско-български
9 (RLIN) 241873
653 ## - Ключова дума – ненормативна
Ключова дума счетоводство
653 ## - Ключова дума – ненормативна
Ключова дума терминологични речници
653 ## - Ключова дума – ненормативна
Ключова дума английски език
653 ## - Ключова дума – ненормативна
Ключова дума български език
659 ## - Тематичен бюлетин
Тематичен бюлетин Н
700 1# - Други автори (авторска отговорност)
Лично име Георгиева, Лилия
Автороска отговорност (Описва отношението между автора и произведението) прев.
9 (RLIN) 277670
852 ## - Местоположение
Форматна сигнатура Цб 254154
856 4# - Електронен адрес и достъп
Електронен формат pdf - файл
Път до файла /url/
856 4# - Електронен адрес и достъп
Електронен формат pdf - файл
Път до файла /url/
942 ## - АРТИКУЛИ
Вид на библиотечния материал Книги
Скрит в OPAC Не
Koha issues (borrowed), all copies 1
944 ## - СЪЗДАВАНЕ И РЕДАКЦИЯ на ЗАПИСА
Създаване/Редакция Създаване
Дата на регистрацията/редакция 22.12.2011
Статус, дата на статуса ф /
Служител, извършил регистрацията/редакцията Геновева_Генчева
944 ## - СЪЗДАВАНЕ И РЕДАКЦИЯ на ЗАПИСА
Създаване/Редакция Редакция
Дата на регистрацията/редакция 21.08.2014
Статус, дата на статуса ф /
Служител, извършил регистрацията/редакцията
999 ## - СИСТЕМНИ КОНТРОЛНИ НОМЕРА
Koha biblionumber 41320
Koha biblioitemnumber 41320
Наличности
Код за отписване Код за изгубен артикул Източник на класификационната схема Код за повреда Коз за рестрикции Код за отдаване Артикулен № Име на библиотеката - собственик Име на библиотеката, в която се намира в момента Статус (Текущо местоположение) Дата на вписване в системата Местоположение - отдел Цена в лева Инвентарен номер Систематично азбучна сигнатура Баркод Номер на екземпляра Цена в евро Служебна бележка Служебен тип на артикула
  Не е изгубен Universal Decimal Classification Не е повреден без рестрикции ползва се в читалня 64761 Регионална библиотека "Любен Каравелов" Русе Регионална библиотека "Любен Каравелов" Русе Читалня - справочен фонд 2011-12-16 Читалня 19.99 120000755582 СЧ 657(038.1)=20/А 64 120000755582 1 10.22 Дост: Pk Вид: Ф N: 251 Дата: 15.12.2011 Дата инв: 23.03.2017 Бележки инв: СЧ2017 Книги
  Не е изгубен Universal Decimal Classification Не е повреден без рестрикции заемане за дома 64762 Регионална библиотека "Любен Каравелов" Русе Регионална библиотека "Любен Каравелов" Русе Заемна - подръчен фонд 2012-11-25 Заемна - подръчен фонд 19.95 120000761465 П 657(038.1)=20/А 64 120000761465 2 10.20 Дост: Pk Вид: Ф N: 321 Дата: 19.11.2012 Дата инв: 06.02.2018 Бележки инв: П2018 Книги
  Не е изгубен   Не е повреден без рестрикции ползва се в читалня 64763 Регионална библиотека "Любен Каравелов" Русе Регионална библиотека "Любен Каравелов" Русе Хранилище 2013-06-10 Хранилище 19.99 120000766911 Цб 254154 120000766911 3 10.22 Дост: Dp Вид: Д N: 6 Дата: 10.02.2012 Книги
Vip Innovations Ltd, Rousse, Bulgaria 2025